| 000 | 00000nam 2200000za 4500 |
| 001 | 9.840309 |
| 003 | CaOODSP |
| 005 | 20221107151818 |
| 007 | cr ||||||||||| |
| 008 | 170725s2016 onc |o f|0| 0 eng d |
| 040 | |aCaOODSP|beng |
| 043 | |an-cn--- |
| 086 | 1 |aT86-32/2016E-PDF |
| 245 | 04|aThe marks of safety |h[electronic resource]. |
| 260 | |a[Ottawa] : |bTransport Canada, |c[2016]. |
| 300 | |a[2] p. |
| 500 | |aIssued also in French under title: Indications de danger. |
| 500 | |aCaption title. |
| 692 | 07|2gccst|aHazardous materials transport |
| 710 | 1 |aCanada. |bTransport Canada. |
| 775 | 08|tIndications de danger |w(CaOODSP)9.840310 |
| 856 | 40|qPDF|s958 KB|uhttps://publications.gc.ca/collections/collection_2017/tc/T86-32-2016-eng.pdf |
| 986 | |aTP11504E 10/2014 |